00963cam a2200277 a 450000100100000000500170001000800410002703500190006803500200008704000220010704200120012908200210014110000320016224500900019425000110028426000310029530000360032649000290036265000310039170000460042283000380046891000280050604900090053495201250054399900170066800001064020250225115440.0910611s1968 sp ac 001 0 spa  a(DLC) 72215178 a(OCoLC)23912226 aDO-SdBNPcMBdDLC apremarc a509bG216h, 19681 aGarcía Font, Juan.92574710aHistoria de la ciencia /cJuan García Font ; prólogo de Rafael Masclans Girvés. a3a ed. aBarcelona :bDanae,c1968. a575 p. :bil., retrs. ;c24 cm.1 aBiblioteca de la cultura 0aCIENCIA -xHISTORIA9257481 aMasclans Girvés, Rafaelepról.925749 0aBiblioteca de la cultura ;925750 aCatalogación derivada aBNGR 001052708MOaGRbGRcCTd2009-10-08iLF1l0o509 G216h, 1968p10640-10r2020-06-25w2020-06-25y2ZPréstamo interno c10398d10398